| 000 | 00963nam a2200217Ia 4500 | ||
|---|---|---|---|
| 999 |
_c37992 _d37992 |
||
| 001 | 3976 | ||
| 003 | GE_BSU | ||
| 005 | 20190911170214.0 | ||
| 008 | 181216s1973||||ge |||||||||||||| ||geo|| | ||
| 040 | _cGE_BSU | ||
| 041 | _ageo | ||
| 080 | _a338.43(479.223)(091) თ–86 | ||
| 100 |
_aთურმანიძე, ოთარ _93946 |
||
| 245 |
_aაჭარის სოფლის სოციალურ–ეკონომიური განვითარების ისტორიიდან 1878–1920 წ. _cრედ. ა. იოსელიანი. |
||
| 264 |
_aბათუმი : _bსაბჭ. აჭარა, _c1973. |
||
| 300 |
_a160 გვ. ; _b19 სმ. |
||
| 653 | _aაჭარის სოფლის მეურნეობის ისტორია | ||
| 653 | _aაჭარის ისტორია | ||
| 700 |
_aიოსელიანი, ა. _eრედაქტორი _93965 |
||
| 942 |
_cBK _2udc |
||